000
00234nam a2200097Ia 4500
008
230915s9999 xx 000 0 und d
050
_a
HF 5635 .N44 1995
100
_a
NEEDLES ,BELVERD E.
245
0
_a
FINANCIAL ACCOUNTING
942
_c
BK
999
_c
82286
_d
82286